00830nam a22002177a 4500003000500000005001700005008004100022010001100063011001100074035001100085040000900096100003400105245013000139260004000269500006000309502008000369650002400449650005000473650002500523856006400548CHAP20220329143934.0121002s2012 mx r 00010 spa d a103990 a104962 a115652 cCHAP1 aZárate Cruz, Rubén David.10aPropuesta metodológica para análisis de costos en abastecimiento forestalh[En línea]c/por Rubén David Zárate Cruz aChapingo, Méx. :bEl autor,c2012 aPara ver el contenido del material haga clic en la liga aTesis (Ing. Forestal Industrial) -- UACH. División de Ciencias Forestales14aHojas de cálculo.14aIndustrias forestalesxModelos matemáticos.14aRecursos forestales. 3Finding aiduhttp://10.13.5.2/tesis/115652.pdfzTeclea aqui